La Nulidad y la Rescisin̤ en el Derecho Civil Chileno Tomo I

Detalles Bibliográficos
Autor principal: Alessandri Rodrg̕uez, Arturo
Formato: eBook
Lenguaje:español
Publicado: [Chile] : Editorial jurd̕ica de Chile, 2010.
Edición:3® ed.
Colección:Cls̀icos jurd̕icos
Materias:
Acceso en línea:Acceso restringido. Tomo I

MARC

LEADER 00000nam a22000007a 4500
005 20111017105940.0
008 111003s2010 cl |||||s|||| 00||0 spa d
020 |a 978-956-10-1872-3  
035 |a 5813 
040 |a vLex 
090 |c 2664  |d 2664 
100 1 |a Alessandri Rodrg̕uez, Arturo 
245 1 3 |a La Nulidad y la Rescisin̤ en el Derecho Civil Chileno  |h [Recurso electrn̤ico] /  |c Arturo Alessandri Rodrg̕uez  |n Tomo I 
250 |a 3® ed. 
256 |a Servicio en ln̕ea. 
260 |a [Chile] :  |b Editorial jurd̕ica de Chile,  |c 2010. 
300 |a 1 recurso electrn̤ico 
490 0 |a Cls̀icos jurd̕icos 
500 |a Obra cls̀ica completamente actualizada, comprende la evolucin̤ de la legislacin̤ y todas las modificaciones legislativas que inciden en la nulidad y la rescisin̤. Contiene ms̀ de 150 referencias jurisprudenciales surgidas de los tribunales superiores de justicia en los l︢timos 20 aǫs. Nuevas fuentes bibliogrf̀icas incorporan la ms̀ reciente doctrina de los autores nacionales y extranjeros. 
506 1 |a Contenido solo disponible en los productos indicados  |d vLex Global  |d vLex Global (Academic Edition, excluding Law Schools)  |d vLex Global (U.S. Academic Edition, Law Schools)  |d vLex Global (U.S. Academic Edition, excluding Law Schools)  |d vLex Global (Academic Edition, Law Schools) 
650 0 4 |a Nulidad (derecho)  |z Chile 
650 0 4 |a Derecho civil  |z Chile 
740 0 |a vLex Libros (Servicio en ln̕ea) 
856 4 0 |u http://vlex.com/source/nulidad-rescision-derecho-civil-chileno-tomo-i-5813  |z Acceso restringido. Tomo I 
942 |c BOOK